000 00409nam a22001571a 4500
020 _a9788121406055
082 _aH100 9
_bKAL/J
100 _aKalyanmal Louta
245 _aJayasankar Prasad : Srushti aur Drushti/
_cby Kalyanmal Louta
260 _aNew Delhi:
_bNational,
_c1996.
300 _a262p.
650 _aPoetry Hindi Criticism
650 _aLiterature Hindi
650 _aLiterature
942 _cBK
999 _c21611
_d21611